[Event "Liechtenstein op 30th"]
[Site "Triesen"]
[Date "2012.05.19"]
[Round "9"]
[White "Vogel, Jaap"]
[Black "Van Melsen, Raymond"]
[Result "1-0"]
[WhiteElo "2163"]
[BlackElo "1843"]
[PlyCount "101"]
[EventDate "2012.05.11"]
[EventType "swiss"]
[EventRounds "9"]
[EventCountry "LIE"]
[SourceTitle "CBM 148 Extra"]
[Source "ChessBase"]
[SourceDate "2012.06.22"]
[SourceVersion "1"]
[SourceVersionDate "2012.06.22"]
[SourceQuality "1"]

1. d4 Nf6 2. Nf3 e6 3. g3 Be7 4. Bg2 d5 5. 0-0 0-0 6. c4 c6 7. Nc3 Nbd7 8. b3 a6 9. a4 Bb4 10. Qc2 Bxc3 11. Qxc3 Ne4 12. Qc2 f5 13. Ba3 Rf6 14. Ne5 Rh6 15. f3 Ng5 16. h4 Nf7 17. Nxf7 Kxf7 18. Bc1 Rg6 19. cxd5 cxd5 20. Bf4 Nf6 21. Rac1 Nh5 22. Qc7+ Qxc7 23. Rxc7+ Ke8 24. Rfc1 Bd7 25. Rxb7 Nxg3 26. Bxg3 Rxg3 27. Rcc7 Rd8 28. Ra7 f4 29. Kf2 Rg6 30. Rxa6 e5 31. Rxg6 hxg6 32. dxe5 Rb8 33. a5 Rxb3 34. a6 Ra3 35. a7 Kd8 36. Rb7 Bc6 37. Rxg7 Bd7 38. Rxg6 Rxa7 39. Rd6 Ke7 40. Rxd5 Ra8 41. Rd4 Rf8 42. e3 fxe3+ 43. Kxe3 Rh8 44. Rb4 Bf5 45. Rb7+ Ke6 46. f4 Rxh4 47. Be4 Bh3 48. Rb6+ Ke7 49. f5 Bf1 50. f6+ Kd8 51. e6 1-0